000 00816nam a22002415i 4500
001 158276
003 ES-MaACL
005 20251003063140.0
008 001108s1876 fr a |||| | fre d
040 _aCCPB | B
_bspa
_cCCPB | B
080 _a612.82
080 _a611.81
100 1 _aLuys, Jules,
_d1828-1897
_9147527
245 1 3 _aLe cerveau et ses fonctions /
_cpar J. Luys.
260 _aParis :
_bLibrairie Germer Baillière et Cie.,
_c1876.
300 _aXI, 260 p. :
_bil. ;
_c21 cm.
490 1 _aBibliothèque scientifique Iiternationale ;
_v19
650 4 _aCerebro.
_910903
830 0 _aBibliothèque scientifique Iiternationale ;
_v19
_9221843
852 _aES-MaACL
_jD-4847
_z-- Enc. editorial en tela
852 _aES-MaACL
_jF-14349
_z-- Enc. tela
999 _c158276
_d158276